| Record ID | marc_records_scriblio_net/part18.dat:148548017:678 |
| Source | Scriblio |
| Download Link | /show-records/marc_records_scriblio_net/part18.dat:148548017:678?format=raw |
LEADER: 00678pam 2200205 a 4500
001 86006572
003 DLC
005 19860618000000.0
008 860319s1986 nyua 00010 eng
010 $a 86006572
020 $a0387963480 (pbk.) :$c$14.80 (est.)
050 0 $aQA303$b.S7745 1986
082 0 $a515$219
100 10 $aSoon, Frederick H.
245 10 $aStudent's guide to Calculus by J. Marsden and A. Weinstein, volume III /$cFrederick H. Soon.
260 0 $aNew York :$bSpringer-Verlag,$cc1986.
300 $ap. 596-888 :$bill. ;$c23 cm.
500 $aGuide to Marsden and Weinstein's Calculus III, 2nd ed.
650 0 $aCalculus.
700 11 $aMarsden, Jerrold E.$tCalculus III.